00434nam a22001457a 450000500170000000800410001702000150005804100120007308200120008510000120009724500760010926000460018530000320023165000250026320240927071032.0240927b |||||||| |||| 00| 0 eng d a0409005983 aEnglish a348 SOU lEnglish aThe South African Encyclopaedia of Forms and Precedents / cC Weinberg  aDurban: bButterworth Publishers, c1979  bxxxvi, 221 pages; c26 cm.  aLegal practice bLaw